[Event "Wch Juvenil 2013 sub-18"]
[Site "Al-Ain UAE"]
[Date "2013.12.21"]
[Round "4.11"]
[White "Ladva, Ottomar"]
[Black "Anton Guijarro, David"]
[Result "0-1"]
[WhiteElo "2337"]
[BlackElo "2558"]
[PlyCount "113"]
[EventDate "2013.12.19"]
[EventType "swiss"]
[EventRounds "11"]
[EventCountry "UAE"]
[Source "lmi"]
[SourceDate "2013.12.19"]

1. d4 Nf6 2. c4 b6 3. Nc3 Bb7 4. Qc2 d5 5. cxd5 Nxd5 6. e4 Nxc3 7. bxc3 e6 8.
Nf3 Be7 9. Bb5+ c6 10. Bc4 O-O 11. O-O c5 12. Rd1 cxd4 13. cxd4 Nc6 14. Qe2 Na5
15. Bd3 Rc8 16. Bf4 Bf6 17. Rac1 Rxc1 18. Bxc1 g6 19. Bh6 Bg7 20. Qe3 Nc6 21.
Be2 Qe7 22. h4 Rd8 23. Bxg7 Kxg7 24. h5 gxh5 25. Ng5 f6 26. Nh3 Kh8 27. Bxh5
Rg8 28. Nf4 e5 29. dxe5 fxe5 30. Nd5 Qg7 31. Qh3 Nd4 32. Rc1 Qh6 33. Re1 Ne6
34. Bg4 Qxh3 35. Bxh3 Ng5 36. Kh2 Nxe4 37. Rxe4 Bxd5 38. Rxe5 Bxa2 39. Re7 a5
40. Bf5 Rf8 41. Rxh7+ Kg8 42. Rh5 Bc4 43. Kg3 a4 44. Bh7+ Kf7 45. Bb1 Ke6 46.
Rh6+ Rf6 47. Rh8 b5 48. Ra8 Kd5 49. f4 Kc5 50. f5 Bd5 51. Ra7 Rf7 52. Rxf7 Bxf7
53. Kf4 a3 54. g4 b4 55. g5 b3 56. g6 Kd6 57. Ke4 0-1

[Event "Wch Juvenil 2013 sub-18"]
[Site "Al-Ain UAE"]
[Date "2013.12.21"]
[Round "4.12"]
[White "Eliseev, Urii"]
[Black "Mindlin, Alon"]
[Result "1-0"]
[WhiteElo "2552"]
[BlackElo "2307"]
[PlyCount "83"]
[EventDate "2013.12.19"]
[EventType "swiss"]
[EventRounds "11"]
[EventCountry "UAE"]
[Source "lmi"]
[SourceDate "2013.12.19"]

1. e4 e5 2. Nf3 Nc6 3. Bb5 a6 4. Ba4 Nf6 5. O-O Be7 6. Re1 b5 7. Bb3 d6 8. c3
O-O 9. d4 Bg4 10. Be3 exd4 11. cxd4 d5 12. e5 Ne4 13. h3 Bh5 14. Nbd2 Nxd2 15.
Qxd2 Bb4 16. Qc2 Na5 17. Bd2 Nxb3 18. Qxb3 Be7 19. Rac1 Rc8 20. Rc6 Qd7 21.
Rec1 b4 22. g4 Bg6 23. Bxb4 Bxb4 24. Qxb4 Be4 25. Nd2 Bd3 26. Qc3 Bc4 27. Rc5
Qe7 28. a4 f5 29. Nxc4 dxc4 30. Qxc4+ Kh8 31. Rxc7 Rxc7 32. Qxc7 Qg5 33. Qc8
Rd8 34. f4 Qh4 35. Kg2 fxg4 36. hxg4 h6 37. Qf5 Qe7 38. Qe4 Qb4 39. Rc2 Qxa4
40. e6 Qb4 41. e7 Re8 42. Re2 1-0

[Event "Wch Juvenil 2013 sub-18"]
[Site "Al-Ain UAE"]
[Date "2013.12.21"]
[Round "4.13"]
[White "Dragun, Kamil"]
[Black "Draskovic, Luka"]
[Result "1-0"]
[WhiteElo "2530"]
[BlackElo "2282"]
[PlyCount "61"]
[EventDate "2013.12.19"]
[EventType "swiss"]
[EventRounds "11"]
[EventCountry "UAE"]
[Source "lmi"]
[SourceDate "2013.12.19"]

1. d4 Nf6 2. c4 e6 3. Nf3 Bb4+ 4. Bd2 a5 5. g3 d6 6. Bg2 Nbd7 7. O-O e5 8. Bc1
exd4 9. Nxd4 O-O 10. Nc2 Bc5 11. Nc3 a4 12. Rb1 Ne5 13. b3 axb3 14. axb3 c6 15.
h3 d5 16. cxd5 Nxd5 17. Nxd5 cxd5 18. Bb2 Nc6 19. Qd3 Qg5 20. h4 Qf5 21. e4 Qg6
22. Qxd5 Ra5 23. Qd3 Ra2 24. b4 Bb6 25. b5 Rd8 26. Qc3 Ne7 27. Rbd1 Rxd1 28.
Rxd1 Qf6 29. Qd2 Qxf2+ 30. Qxf2 Bxf2+ 31. Kxf2 1-0

[Event "Wch Juvenil 2013 sub-18"]
[Site "Al-Ain UAE"]
[Date "2013.12.21"]
[Round "4.14"]
[White "Igambergenov, Alibek"]
[Black "Abasov, Nijat"]
[Result "0-1"]
[WhiteElo "2323"]
[BlackElo "2510"]
[PlyCount "130"]
[EventDate "2013.12.19"]
[EventType "swiss"]
[EventRounds "11"]
[EventCountry "UAE"]
[Source "lmi"]
[SourceDate "2013.12.19"]

1. d4 Nf6 2. c4 e6 3. Nf3 b6 4. a3 Bb7 5. Nc3 d5 6. cxd5 Nxd5 7. Qc2 Be7 8. e4
Nxc3 9. bxc3 O-O 10. Bd3 c5 11. O-O Qc7 12. Qe2 Nd7 13. a4 Rac8 14. Bb2 Rfd8
15. Nd2 Ne5 16. Bb1 Ng6 17. g3 cxd4 18. cxd4 Bb4 19. Nf3 Qd6 20. Qe3 a5 21. h4
h6 22. h5 Ne7 23. Ne5 Ba6 24. Rc1 Rxc1+ 25. Qxc1 Be2 26. Nd3 Bxd3 27. Bxd3 Nc6
28. Qe3 Nxd4 29. Rd1 e5 30. Kg2 Bc5 31. Bc4 Qc6 32. Bb5 Qe6 33. Bxd4 Bxd4 34.
Qf3 Rc8 35. Rd2 Rc7 36. Qe2 Qb3 37. Rd3 Qb1 38. Rf3 Rc2 39. Bd3 Rxe2 40. Bxb1
Rb2 41. Bd3 f6 42. Bb5 Kf8 43. g4 Ke7 44. Kg3 Kd6 45. Be8 Kc5 46. Rf5 b5 47. g5
hxg5 48. Bxb5 Rb1 49. Be8 Rh1 50. Rf3 Kb4 51. Kg4 Rh2 52. Kf5 Bxf2 53. Rd3 Bd4
54. Kg6 Bf2 55. Bd7 Rh4 56. Rh3 Rxe4 57. Kxg7 g4 58. Rh1 g3 59. Bc6 Rg4+ 60.
Kf7 Be3 61. Bf3 Rd4 62. Kxf6 Rf4+ 63. Kxe5 Rxf3 64. h6 g2 65. Rh4+ Rf4 0-1

[Event "Wch Juvenil 2013 sub-18"]
[Site "Al-Ain UAE"]
[Date "2013.12.21"]
[Round "4.15"]
[White "Emiroglu, Cankut"]
[Black "Grover, Sahaj"]
[Result "1/2-1/2"]
[WhiteElo "2309"]
[BlackElo "2485"]
[PlyCount "66"]
[EventDate "2013.12.19"]
[EventType "swiss"]
[EventRounds "11"]
[EventCountry "UAE"]
[Source "lmi"]
[SourceDate "2013.12.19"]

1. e4 e6 2. d4 d5 3. Nd2 c5 4. exd5 Qxd5 5. dxc5 Bxc5 6. Ngf3 Nf6 7. Bc4 Qc6 8.
Qe2 a6 9. a4 O-O 10. O-O Nbd7 11. Nb3 Bd6 12. Nbd4 Qc7 13. a5 Re8 14. Bg5 Ne5
15. Bb3 Ng6 16. Bxf6 gxf6 17. c3 Bd7 18. Bc2 Kh8 19. Rfd1 Rad8 20. g3 Bc8 21.
Qe3 Rg8 22. Qh6 Bf8 23. Qe3 f5 24. Nb3 f4 25. Qb6 Qxb6 26. axb6 Be7 27. Bxg6
hxg6 28. gxf4 Kg7 29. c4 Bf6 30. Nbd4 Be7 31. Nb3 Bf6 32. Nbd4 Be7 33. Nb3 Bf6
1/2-1/2

[Event "Wch Juvenil 2013 sub-18"]
[Site "Al-Ain UAE"]
[Date "2013.12.21"]
[Round "4.16"]
[White "Hernandez Sanchez, Jairo Andre"]
[Black "Bortnyk, Olexandr"]
[Result "0-1"]
[WhiteElo "2298"]
[BlackElo "2474"]
[PlyCount "112"]
[EventDate "2013.12.19"]
[EventType "swiss"]
[EventRounds "11"]
[EventCountry "UAE"]
[Source "lmi"]
[SourceDate "2013.12.19"]

1. e4 Nf6 2. e5 Nd5 3. d4 d6 4. c4 Nb6 5. exd6 exd6 6. Nc3 Nc6 7. Be3 Be7 8.
Bd3 O-O 9. Nge2 Nb4 10. d5 Nxd3+ 11. Qxd3 Nd7 12. b3 Ne5 13. Qd2 Ng4 14. Bd4 c5
15. dxc6 bxc6 16. h3 Nh6 17. O-O Nf5 18. Rad1 Re8 19. Rfe1 Bg5 20. Qc2 Bh6 21.
Ne4 d5 22. Bc3 Be6 23. N4g3 Qd7 24. Qb2 Nxg3 25. Nxg3 f5 26. Ne2 f4 27. Nd4 Bf7
28. Nf3 Bh5 29. Ne5 Rxe5 30. Bxe5 Bxd1 31. Rxd1 f3 32. cxd5 fxg2 33. Kxg2 cxd5
34. Qd4 Rd8 35. Rd3 Qe6 36. Bf4 Bxf4 37. Qxf4 h6 38. Re3 Qc6 39. Qd4 Rd6 40.
Kh2 Rf6 41. Re5 Qc2 42. Kg2 Rg6+ 43. Kf1 Qc1+ 44. Re1 Qg5 45. Re3 Qg2+ 46. Ke2
Qg5 47. Re5 Qc1 48. Qxd5+ Kh7 49. Qd2 Qc7 50. Re3 Rd6 51. Qb2 Qd7 52. Qc2+ Kh8
53. a4 Rd4 54. Qc5 Rd2+ 55. Kf1 Qf7 56. Re4 Qf3 0-1

[Event "Wch Juvenil 2013 sub-18"]
[Site "Al-Ain UAE"]
[Date "2013.12.21"]
[Round "4.17"]
[White "Santos Latasa, Jaime"]
[Black "Radovanovic, Nikola"]
[Result "0-1"]
[WhiteElo "2467"]
[BlackElo "2272"]
[PlyCount "106"]
[EventDate "2013.12.19"]
[EventType "swiss"]
[EventRounds "11"]
[EventCountry "UAE"]
[Source "lmi"]
[SourceDate "2013.12.19"]

1. Nf3 Nf6 2. c4 g6 3. b3 Bg7 4. Bb2 O-O 5. g3 c5 6. Bg2 Nc6 7. O-O d6 8. Nc3
a6 9. d4 cxd4 10. Nxd4 Bd7 11. Qd2 Qa5 12. Rfd1 Rfe8 13. e3 Rab8 14. Nce2 Qxd2
15. Rxd2 Rec8 16. Rc1 Ne8 17. h3 Nc7 18. Nc3 Kf8 19. Ne4 f5 20. Nc3 Ne6 21.
Nxe6+ Bxe6 22. f4 Na5 23. Bf1 Bd7 24. e4 fxe4 25. Ba3 e3 26. Rdd1 b5 27. Nd5
Nc6 28. Rb1 Bf5 29. Nxe3 Bxb1 30. Rxb1 Bd4 31. Kf2 bxc4 32. Bxc4 Nb4 33. Bxb4
Rxb4 34. Rd1 Rbxc4 35. bxc4 Rxc4 36. Kf3 Bxe3 37. Kxe3 Rc3+ 38. Rd3 Rxd3+ 39.
Kxd3 Kf7 40. Kd4 Ke6 41. g4 h6 42. Ke4 d5+ 43. Kd4 Kd6 44. f5 gxf5 45. gxf5 e6
46. fxe6 Kxe6 47. h4 h5 48. a4 a5 49. Kd3 Ke5 50. Ke3 d4+ 51. Kd3 Kd5 52. Kd2
Kc4 53. Kc2 Kb4 0-1

[Event "Wch Juvenil 2013 sub-18"]
[Site "Al-Ain UAE"]
[Date "2013.12.21"]
[Round "4.18"]
[White "Hasenohr, Benedict"]
[Black "Ynojosa, Felix Jose"]
[Result "0-1"]
[WhiteElo "2278"]
[BlackElo "2448"]
[PlyCount "74"]
[EventDate "2013.12.19"]
[EventType "swiss"]
[EventRounds "11"]
[EventCountry "UAE"]
[Source "lmi"]
[SourceDate "2013.12.19"]

1. d4 Nf6 2. c4 e6 3. Nc3 Bb4 4. Qc2 O-O 5. e4 d5 6. e5 Ne4 7. Bd3 c5 8. Nge2
cxd4 9. Nxd4 Nd7 10. Bf4 Ndc5 11. O-O Bxc3 12. bxc3 Bd7 13. f3 Nxd3 14. Qxd3
Nc5 15. Qe3 dxc4 16. Bg5 f6 17. exf6 gxf6 18. Bh6 Rf7 19. f4 Qa5 20. Rf3 Kh8
21. Qe2 Nd3 22. Nxe6 Qb6+ 23. Nd4 Bg4 24. Raf1 Qa5 25. Qe4 Bxf3 26. Nxf3 Qc5+
27. Nd4 Re7 28. Qf5 Qxf5 29. Nxf5 Rd7 30. g4 b5 31. Rb1 b4 32. cxb4 Re8 33. Ng3
c3 34. f5 c2 35. Rf1 Nxb4 36. g5 Rd1 37. gxf6 Kg8 0-1

[Event "Wch Juvenil 2013 sub-18"]
[Site "Al-Ain UAE"]
[Date "2013.12.21"]
[Round "4.19"]
[White "Kenneskog, Theodor"]
[Black "Laurusas, Tomas"]
[Result "0-1"]
[WhiteElo "2270"]
[BlackElo "2431"]
[PlyCount "82"]
[EventDate "2013.12.19"]
[EventType "swiss"]
[EventRounds "11"]
[EventCountry "UAE"]
[Source "lmi"]
[SourceDate "2013.12.19"]

1. e4 c6 2. d4 d5 3. Nc3 a6 4. Nf3 Bg4 5. Be2 e6 6. O-O Nf6 7. e5 Nfd7 8. Be3
Be7 9. Re1 O-O 10. a3 c5 11. dxc5 Bxf3 12. Bxf3 Bxc5 13. Bxc5 Nxc5 14. Ne2 Nbd7
15. Nf4 Rc8 16. Qd4 Nb6 17. b3 Qe7 18. Re3 Ncd7 19. c4 dxc4 20. Bxb7 Rcd8 21.
Nh5 g6 22. Qf4 gxh5 23. Qh6 f6 24. exf6 Qxf6 25. Qxf6 Rxf6 26. Bxa6 cxb3 27.
Rxb3 Ra8 28. Be2 h4 29. Rd1 Nd5 30. Bf3 Ra5 31. Rd4 Ne5 32. Rxh4 Nxf3+ 33. gxf3
Ra7 34. a4 Rf4 35. Rxf4 Nxf4 36. Rb4 Ne2+ 37. Kg2 Nc3 38. Rb6 Nd5 39. Rd6 Rxa4
40. Kg3 Kf7 41. Rd7+ Ne7 0-1

[Event "Wch Juvenil 2013 sub-18"]
[Site "Al-Ain UAE"]
[Date "2013.12.21"]
[Round "4.20"]
[White "Goryachkina, Aleksandra"]
[Black "Klabis, Rokas"]
[Result "1-0"]
[WhiteElo "2428"]
[BlackElo "2239"]
[PlyCount "72"]
[EventDate "2013.12.19"]
[EventType "swiss"]
[EventRounds "11"]
[EventCountry "UAE"]
[Source "lmi"]
[SourceDate "2013.12.19"]

1. d4 Nf6 2. c4 d6 3. Nf3 g6 4. Nc3 Bg7 5. e4 O-O 6. Be2 Nc6 7. Be3 a6 8. h3 e5
9. d5 Ne7 10. c5 Ne8 11. Qb3 f5 12. O-O-O f4 13. Bd2 Kh8 14. cxd6 cxd6 15. Kb1
b5 16. Rc1 Bd7 17. g3 Bh6 18. h4 Rb8 19. Nd1 a5 20. Ng5 b4 21. Bc4 Qb6 22. Qd3
Nc7 23. gxf4 exf4 24. f3 Nb5 25. Be1 Qa7 26. Bf2 Qb7 27. Bxb5 Bxb5 28. Bd4+ Kg8
29. Qd2 a4 30. Nf2 Bd7 31. Ne6 Bxe6 32. dxe6 Nc6 33. Rxc6 Qxc6 34. Ng4 Rfc8 35.
Nxh6+ Kf8 36. Qxf4+ Ke8 1-0

[Event "Wch Juvenil 2013 sub-18"]
[Site "Al-Ain UAE"]
[Date "2013.12.21"]
[Round "4.21"]
[White "Grandadam, Patrik"]
[Black "Mons, Leon"]
[Result "0-1"]
[WhiteElo "2243"]
[BlackElo "2428"]
[PlyCount "88"]
[EventDate "2013.12.19"]
[EventType "swiss"]
[EventRounds "11"]
[EventCountry "UAE"]
[Source "lmi"]
[SourceDate "2013.12.19"]

1. Nf3 Nf6 2. c4 e6 3. d4 d5 4. Nc3 Be7 5. Bg5 h6 6. Bh4 O-O 7. e3 b6 8. cxd5
Nxd5 9. Bxe7 Qxe7 10. Rc1 Bb7 11. Nxd5 Bxd5 12. Qa4 c5 13. dxc5 Nd7 14. c6 Nc5
15. Qc2 Bxc6 16. b4 Ne4 17. Qb2 Bd5 18. Ba6 b5 19. Bxb5 Rfb8 20. Nd4 Qf6 21.
Bd3 Rxb4 22. Qxb4 Qxf2+ 23. Kd1 Qxg2 24. Bxe4 Bxe4 25. Re1 e5 26. Qd2 Qg5 27.
Nc6 Bf3+ 28. Re2 Qg1+ 29. Kc2 Qg6+ 30. Kb2 Bxc6 31. Ka1 Be4 32. Ree1 Rb8 33.
Rg1 Qe6 34. Qa5 Kh7 35. Rc5 Qf6 36. Qd2 Qb6 37. Qc1 Bg6 38. h4 Qf6 39. Qc3 Qf5
40. Qc1 Qf2 41. Rf1 Qxh4 42. Qc3 Qe4 43. Qe1 Qg2 44. Rf2 Qxf2 0-1

[Event "Wch Juvenil 2013 sub-18"]
[Site "Al-Ain UAE"]
[Date "2013.12.21"]
[Round "4.22"]
[White "Srbis, Jurica"]
[Black "Prince, Bajaj"]
[Result "1/2-1/2"]
[WhiteElo "2399"]
[BlackElo "2227"]
[PlyCount "84"]
[EventDate "2013.12.19"]
[EventType "swiss"]
[EventRounds "11"]
[EventCountry "UAE"]
[Source "lmi"]
[SourceDate "2013.12.19"]

1. e4 c5 2. Nf3 e6 3. b3 Nc6 4. Bb2 a6 5. c4 Nf6 6. e5 Ng4 7. h3 Nh6 8. Bd3 d5
9. exd6 Qxd6 10. Be4 Bd7 11. O-O O-O-O 12. Re1 f6 13. d4 cxd4 14. Nxd4 Nxd4 15.
Qxd4 Qxd4 16. Bxd4 Bc6 17. Bxc6 Rxd4 18. Bf3 Nf7 19. a3 Bd6 20. c5 Be5 21. Ra2
Rhd8 22. b4 Ng5 23. Be2 Ne4 24. Rc2 Kc7 25. g3 g5 26. Kg2 h6 27. Bg4 Nd2 28.
Bxe6 Nxb1 29. Rxb1 Rd2 30. Rxd2 Rxd2 31. Rb3 h5 32. Bf7 g4 33. Bxh5 gxh3+ 34.
Kxh3 Rxf2 35. Bg6 Rf1 36. Rd3 Rc1 37. Bf5 Rc3 38. Rd7+ Kb8 39. Rd8+ Ka7 40. Rg8
Rxa3 41. Rg7 Rb3 42. Bc8 Kb8 1/2-1/2

[Event "Wch Juvenil 2013 sub-18"]
[Site "Al-Ain UAE"]
[Date "2013.12.21"]
[Round "4.23"]
[White "Loiseau, Quentin"]
[Black "Tvarijonas, Tomas"]
[Result "1-0"]
[WhiteElo "2388"]
[BlackElo "2176"]
[PlyCount "49"]
[EventDate "2013.12.19"]
[EventType "swiss"]
[EventRounds "11"]
[EventCountry "UAE"]
[Source "lmi"]
[SourceDate "2013.12.19"]

1. e4 c5 2. Nf3 e6 3. d4 cxd4 4. Nxd4 Nf6 5. Nc3 d6 6. g4 a6 7. g5 Nfd7 8. Be3
Be7 9. h4 b5 10. a3 Bb7 11. Rg1 Nc6 12. h5 Nxd4 13. Qxd4 e5 14. Qd2 g6 15.
O-O-O Qc7 16. Nd5 Bxd5 17. exd5 Nc5 18. Kb1 Rb8 19. f4 exf4 20. Bd4 Rg8 21. Re1
Kf8 22. Qxf4 a5 23. Bf6 Bd8 24. Re3 Qd7 25. Bh3 1-0

[Event "Wch Juvenil 2013 sub-18"]
[Site "Al-Ain UAE"]
[Date "2013.12.21"]
[Round "4.24"]
[White "Olund, Joar"]
[Black "Martinez Romero, Martin"]
[Result "0-1"]
[WhiteElo "2236"]
[BlackElo "2381"]
[PlyCount "100"]
[EventDate "2013.12.19"]
[EventType "swiss"]
[EventRounds "11"]
[EventCountry "UAE"]
[Source "lmi"]
[SourceDate "2013.12.19"]

1. d4 Nf6 2. c4 g6 3. Nc3 Bg7 4. e4 d6 5. Nf3 O-O 6. Be2 e5 7. O-O Nc6 8. d5
Ne7 9. Ne1 Nd7 10. Nd3 f5 11. Bd2 fxe4 12. Nxe4 Nf6 13. f3 Nf5 14. Ndf2 c6 15.
Nxf6+ Bxf6 16. Ne4 a5 17. Kh1 Nd4 18. Be3 c5 19. Qd2 a4 20. Bd3 Bf5 21. Rae1
Qd7 22. f4 Bxe4 23. Bxe4 exf4 24. Bxf4 Bg7 25. g3 a3 26. b4 b6 27. Bg2 Rf7 28.
Re6 Raf8 29. Rxd6 Qg4 30. bxc5 bxc5 31. Qd1 Qf5 32. Re1 Rb7 33. Be4 Qh3 34. Bg2
Qf5 35. Be4 Qc8 36. Bc1 Rf2 37. Qa4 Qh3 38. Rd8+ Bf8 39. Rxf8+ Rxf8 40. Bg2 Qh5
41. h3 Rb1 42. Qd7 Qf5 43. Qe7 Qf2 44. d6 Nf3 45. Rf1 Rxc1 46. Qe6+ Kg7 47.
Rxc1 Qxg3 48. Bxf3 Qxf3+ 49. Kg1 Qg3+ 50. Kh1 Rf2 0-1

[Event "Wch Juvenil 2013 sub-18"]
[Site "Al-Ain UAE"]
[Date "2013.12.21"]
[Round "4.25"]
[White "Soysal, Serkan"]
[Black "Sanzhaev, Darsen"]
[Result "0-1"]
[WhiteElo "2114"]
[BlackElo "2366"]
[PlyCount "76"]
[EventDate "2013.12.19"]
[EventType "swiss"]
[EventRounds "11"]
[EventCountry "UAE"]
[Source "lmi"]
[SourceDate "2013.12.19"]

1. e4 c5 2. Nf3 e6 3. d4 cxd4 4. Nxd4 Nc6 5. Nb5 d6 6. c4 Nf6 7. N1c3 a6 8. Na3
Be7 9. Be2 O-O 10. O-O b6 11. Be3 Bb7 12. Qb3 Nd7 13. Rfd1 Nc5 14. Qc2 Nb4 15.
Qd2 Rc8 16. f3 Qd7 17. Nc2 Nxc2 18. Qxc2 Qc7 19. Rac1 Nd7 20. Bf1 Qb8 21. Qf2
Bd8 22. b3 Bc7 23. Rc2 Rfd8 24. Kh1 Bc6 25. a4 Nc5 26. Rb1 Rf8 27. Ra2 a5 28.
b4 axb4 29. Rxb4 f5 30. exf5 Rxf5 31. a5 Rcf8 32. Be2 Qb7 33. Kg1 Rh5 34. axb6
Bb8 35. h3 Qf7 36. Bd2 Qg6 37. Kf1 Rhf5 38. Rab2 Kh8 0-1

[Event "Wch Juvenil 2013 sub-18"]
[Site "Al-Ain UAE"]
[Date "2013.12.21"]
[Round "4.26"]
[White "Madi, Aslan"]
[Black "Licznerski, Lukasz"]
[Result "1/2-1/2"]
[WhiteElo "2099"]
[BlackElo "2354"]
[PlyCount "83"]
[EventDate "2013.12.19"]
[EventType "swiss"]
[EventRounds "11"]
[EventCountry "UAE"]
[Source "lmi"]
[SourceDate "2013.12.19"]

1. e4 d6 2. d4 Nf6 3. Nc3 e5 4. dxe5 dxe5 5. Qxd8+ Kxd8 6. Bg5 Be6 7. Nf3 Nbd7
8. O-O-O Kc8 9. Bh4 Bb4 10. Nd5 Nxd5 11. exd5 Bf5 12. Bg3 Bg4 13. Be2 f5 14. h3
Bh5 15. Nd4 Bxe2 16. Nxe2 f4 17. Bh2 Nf6 18. f3 Rd8 19. c4 b5 20. b3 bxc4 21.
bxc4 c6 22. dxc6 Kc7 23. Rxd8 Rxd8 24. Rd1 Rxd1+ 25. Kxd1 g5 26. Bg1 a6 27. Kc2
Kxc6 28. Nc1 h6 29. Nd3 Bd6 30. c5 Be7 31. Nxe5+ Kd5 32. Nd3 Kc4 33. Bf2 Nd5
34. Ne5+ Kb4 35. c6 Bd6 36. Nf7 Be7 37. Kd3 Kb5 38. Ne5 Bd6 39. Nf7 Be7 40. Ne5
Bd6 41. Nf7 Be7 42. Ne5 1/2-1/2

[Event "Wch Juvenil 2013 sub-18"]
[Site "Al-Ain UAE"]
[Date "2013.12.21"]
[Round "4.27"]
[White "Saraci, Nderim"]
[Black "Rindlisbacher, Lars"]
[Result "0-1"]
[WhiteElo "2047"]
[BlackElo "2345"]
[PlyCount "68"]
[EventDate "2013.12.19"]
[EventType "swiss"]
[EventRounds "11"]
[EventCountry "UAE"]
[Source "lmi"]
[SourceDate "2013.12.19"]

1. d4 Nf6 2. c4 e6 3. Nf3 d5 4. g3 dxc4 5. Bg2 a6 6. Nbd2 b5 7. Ne5 Nd5 8. a4
Bb7 9. O-O Nd7 10. Nxd7 Qxd7 11. Nf3 Bd6 12. Bd2 O-O 13. Qc2 h6 14. Rfc1 Qe7
15. b3 cxb3 16. Qxb3 Nb4 17. Rab1 Bd5 18. Qc3 a5 19. axb5 Rfb8 20. Bf1 Be4 21.
Ra1 Rxb5 22. Ra4 Rab8 23. Ne5 c5 24. e3 cxd4 25. exd4 Nd5 26. Qc4 Rb2 27. Qe2
Nf6 28. Rxa5 Bb4 29. Bxb4 Qxb4 30. Qe1 Qxd4 31. Rd1 Rb1 32. Rxd4 Rxe1 33. f3
Bd5 34. Nd3 Rd1 0-1

[Event "Wch Juvenil 2013 sub-18"]
[Site "Al-Ain UAE"]
[Date "2013.12.21"]
[Round "4.28"]
[White "Andersen, Mads"]
[Black "Ramos Libon, Jean Piere"]
[Result "1-0"]
[WhiteElo "2501"]
[BlackElo "1947"]
[PlyCount "95"]
[EventDate "2013.12.19"]
[EventType "swiss"]
[EventRounds "11"]
[EventCountry "UAE"]
[Source "lmi"]
[SourceDate "2013.12.19"]

1. d4 Nf6 2. c4 e6 3. g3 c5 4. d5 exd5 5. cxd5 d6 6. Nc3 g6 7. Bg2 Bg7 8. Nf3
O-O 9. O-O Re8 10. Nd2 a6 11. a4 Nbd7 12. h3 Rb8 13. Nc4 Ne5 14. Na3 Nh5 15. e4
Bd7 16. a5 b5 17. axb6 Bb5 18. Ncxb5 axb5 19. Nxb5 Qxb6 20. Na3 Qb3 21. Rb1 Nd3
22. Qxb3 Rxb3 23. Nc4 Bd4 24. Be3 Bxe3 25. Nxe3 Nxf2 26. Kxf2 Nxg3 27. Kxg3
Rxe3+ 28. Kf2 Rb3 29. Rfe1 Reb8 30. Re2 c4 31. Rc1 Rxb2 32. Rxc4 Rxe2+ 33. Kxe2
Rb2+ 34. Kf3 Rd2 35. Rc6 f5 36. Kg3 Rd3+ 37. Kh2 Rd2 38. Rxd6 fxe4 39. Kg3 e3
40. Re6 e2 41. Bf3 Kf7 42. Rxe2 Rd3 43. Re1 Ra3 44. h4 Kf6 45. Kf4 Ra6 46. Bg4
Kg7 47. Ke5 h5 48. Be6 1-0

[Event "Wch Juvenil 2013 sub-18"]
[Site "Al-Ain UAE"]
[Date "2013.12.21"]
[Round "4.29"]
[White "Patil, Pratik"]
[Black "Vaibhav, Suri"]
[Result "0-1"]
[WhiteElo "2265"]
[BlackElo "2544"]
[PlyCount "54"]
[EventDate "2013.12.19"]
[EventType "swiss"]
[EventRounds "11"]
[EventCountry "UAE"]
[Source "lmi"]
[SourceDate "2013.12.19"]

1. e4 e5 2. Nf3 Nc6 3. d4 exd4 4. Nxd4 Bb4+ 5. c3 Bc5 6. Be3 Bb6 7. Nd2 Nf6 8.
Bd3 O-O 9. O-O d5 10. Nxc6 bxc6 11. Bxb6 axb6 12. Qc2 h6 13. Rfe1 Re8 14. a3
Qd6 15. Nf3 dxe4 16. Bxe4 Rxe4 17. Rxe4 Bf5 18. Re8+ Rxe8 19. Qxf5 Re2 20. b4
g6 21. Qc8+ Kg7 22. Qa6 Rc2 23. Qc4 Nd5 24. Qd4+ Qf6 25. b5 Rxc3 26. Ne5 Rc5
27. bxc6 Nf4 0-1

[Event "Wch Juvenil 2013 sub-18"]
[Site "Al-Ain UAE"]
[Date "2013.12.21"]
[Round "4.30"]
[White "Lugovskoy, Maxim"]
[Black "Mejak, Severin"]
[Result "0-1"]
[WhiteElo "2392"]
[BlackElo "2104"]
[PlyCount "154"]
[EventDate "2013.12.19"]
[EventType "swiss"]
[EventRounds "11"]
[EventCountry "UAE"]
[Source "lmi"]
[SourceDate "2013.12.19"]

1. e4 c6 2. d4 d5 3. Nc3 dxe4 4. Nxe4 Nd7 5. Nf3 Ngf6 6. Nxf6+ Nxf6 7. Bc4 Bf5
8. O-O e6 9. h3 Bd6 10. Qe2 O-O 11. Bb3 Qc7 12. Nh4 Bg6 13. Nxg6 hxg6 14. c3
Rad8 15. Bg5 Be7 16. Rad1 Nd5 17. Bc1 Bf6 18. Rfe1 Rd7 19. g3 Rfd8 20. h4 Ne7
21. h5 c5 22. hxg6 Nxg6 23. Bc2 Nf8 24. Bf4 Qa5 25. dxc5 Qxc5 26. Ba4 Rd5 27.
Bb3 Rxd1 28. Rxd1 Rxd1+ 29. Qxd1 Ng6 30. Be3 Qc7 31. Bc2 Ne5 32. Be4 Nc6 33.
Bf4 Be5 34. Be3 Bxg3 35. Qh5 Bf4 36. Qh7+ Kf8 37. Bc5+ Bd6 38. Be3 Bf4 39. Qh8+
Ke7 40. Bc5+ Bd6 41. Be3 Bf4 42. Qh4+ g5 43. Bc5+ Kd7 44. Qh7 Nd8 45. Bf8 Bd6
46. Bg7 Bc5 47. Bg2 Qf4 48. Qd3+ Ke7 49. Qc2 f6 50. b4 Bb6 51. c4 Bd4 52. c5 g4
53. b5 g3 54. c6 bxc6 55. bxc6 Bxf2+ 56. Kf1 Bc5+ 57. Ke1 Qe3+ 58. Qe2 Bb4+ 59.
Kd1 Qd4+ 60. Kc2 Nxc6 61. Bxc6 Qc3+ 62. Kb1 Qxc6 63. Qe3 Bd6 64. Qxa7+ Bc7 65.
Qa3+ Qd6 66. Qf3 Qb4+ 67. Kc2 Qc4+ 68. Kb1 Qb5+ 69. Kc1 Qc5+ 70. Kd1 Qd5+ 71.
Ke2 Qxa2+ 72. Kf1 Qb1+ 73. Kg2 Qc2+ 74. Kf1 g2+ 75. Qxg2 Qxg2+ 76. Kxg2 Bf4 77.
Kf3 Bg5 0-1

[Event "Wch Juvenil 2013 sub-18"]
[Site "Al-Ain UAE"]
[Date "2013.12.21"]
[Round "4.31"]
[White "Studer, Noel"]
[Black "Bargandzhiya, Zaza"]
[Result "1/2-1/2"]
[WhiteElo "2385"]
[BlackElo "2039"]
[PlyCount "137"]
[EventDate "2013.12.19"]
[EventType "swiss"]
[EventRounds "11"]
[EventCountry "UAE"]
[Source "lmi"]
[SourceDate "2013.12.19"]

1. e4 e5 2. Nf3 Nc6 3. Bb5 a6 4. Ba4 Nf6 5. O-O Be7 6. Re1 b5 7. Bb3 O-O 8. h3
d6 9. c3 Na5 10. Bc2 c5 11. d4 Qc7 12. Nbd2 Nc6 13. Nf1 Bd7 14. Be3 Rac8 15. d5
Nd8 16. Ng3 Ne8 17. Nh2 f6 18. f4 exf4 19. Bxf4 Nf7 20. a4 Rb8 21. axb5 axb5
22. b4 Ne5 23. Qe2 g6 24. Ra2 Ng7 25. Rea1 Rfc8 26. Nhf1 Rb7 27. Nd2 c4 28. Be3
Bd8 29. Qf2 Rcb8 30. Ra6 Ne8 31. Kh2 Qc8 32. Ne2 Be7 33. Bd4 Ng7 34. Ng3 Qc7
35. Qe3 Qc8 36. Qg1 Qd8 37. Ba7 Rc8 38. Bb6 Qf8 39. Bd4 Qd8 40. Nf3 Rcb8 41.
Ba7 Rc8 42. R1a5 Qf8 43. Bd4 Rcb8 44. Ra2 Qc8 45. Ba7 Nxf3+ 46. gxf3 Ra8 47.
Bd4 Rxa6 48. Rxa6 Rb8 49. Ra7 Rb7 50. Qa1 Rxa7 51. Qxa7 Kf7 52. f4 Kf8 53. e5
fxe5 54. fxe5 dxe5 55. Bxe5 Nf5 56. Bxf5 gxf5 57. Nh5 Kf7 58. Nf4 Qd8 59. Qa6
Bf6 60. Qd6 Bxe5 61. Qxe5 Qf6 62. Qc7 Ke8 63. Ne2 Qe7 64. Nd4 Qe3 65. Qg3 Qd2+
66. Qg2 Qf4+ 67. Kh1 Qc1+ 68. Kh2 Qf4+ 69. Qg3 1/2-1/2

[Event "Wch Juvenil 2013 sub-18"]
[Site "Al-Ain UAE"]
[Date "2013.12.21"]
[Round "4.32"]
[White "Vanagas, Tadas"]
[Black "Horvath, David"]
[Result "1/2-1/2"]
[WhiteElo "2116"]
[BlackElo "2351"]
[PlyCount "50"]
[EventDate "2013.12.19"]
[EventType "swiss"]
[EventRounds "11"]
[EventCountry "UAE"]
[Source "lmi"]
[SourceDate "2013.12.19"]

1. e4 e6 2. d4 d5 3. Nc3 Nf6 4. e5 Nfd7 5. f4 c5 6. Nf3 Nc6 7. Be3 Be7 8. Qd2
O-O 9. Be2 b6 10. O-O f5 11. exf6 Nxf6 12. Kh1 Ne4 13. Qe1 Bf6 14. Rd1 Nxc3 15.
bxc3 c4 16. g4 Bd7 17. h4 Be7 18. h5 b5 19. Ne5 Rb8 20. Nxc6 Bxc6 21. g5 Bd6
22. Bg4 Qe7 23. Bd2 Bd7 24. Qe3 Rf7 25. Rde1 Rbf8 1/2-1/2